000 00600nam a2200229Ia 4500
003 OSt
005 20220923225921.0
006 a|||||r|||| 00| 0
007 ta
008 Pun
024 _a275,817
037 _cTextual
040 _aARTS
_cARTS
_bPun
041 _2Pun
_aPun
082 _aO153,1NBEx, J6
100 _aਬੇਦੀ, ਵਣਜਾਰਾ
_9156291
245 0 _aਕੰਵਲ ਪੱਤੀਆਂ
260 _c1956
650 _aਪੰਜਾਬੀ ਸਾਹਿਤ
942 _hO153,1NBEx, J6
_cTEXL
_2CC
999 _c381262
_d381262